000 00394nam a2200145Ia 4500
008 230917s9999||||xx |||||||||||||| ||und||
040 _e38425
_aMAIN
041 _aEnglish
082 _a954.03 A48W
100 _aAppadurai, Arjun
245 0 _aWorship and conflict under colonial rule: A South Indian case
260 _aCambridge
_bOriental Longman
_c1981
300 _ax, 266 p.
942 _cBK
999 _c43727
_d43727